| 000 | 00828cam a2200289 i 4500 | ||
|---|---|---|---|
| 003 | EG-GICUC | ||
| 005 | 20260309095304.0 | ||
| 008 | 260309s2006 -ukc frb 001 0 eng d | ||
| 040 |
_aEG-GICUC _cEG-GICUC _dDLC _beng _erda |
||
| 043 | _an-us--- | ||
| 082 | 0 | 0 |
_a341.84 _221 |
| 092 | 0 | 4 | _221 |
| 099 | _aLaw 12 2006 | ||
| 100 | 1 | _aHayward, Ruth. | |
| 245 | 1 | 0 |
_aConflict of laws _cRuth Hayward. |
| 250 | _a4th edition. | ||
| 264 |
_aSydney, _aLondon : _bCavendish Publishing, _c2006. |
||
| 300 |
_axxxi, 266 pages ; _c26 cm. |
||
| 336 |
_atext _2rdacontent |
||
| 337 |
_aComputer _2rdamedia |
||
| 338 |
_aOnline Resource _2rdacarrier |
||
| 500 | _aIncludes index. | ||
| 650 | 0 |
_aConflict of laws _xCases. |
|
| 856 | 4 | 0 | _uhttps://fll.law.cu.edu.eg/fulltext/bks/ENGB12-00070.pdf |
| 905 | _a10 | ||
| 942 |
_2ddc _cBK _e21 _n0 |
||
| 999 |
_c65881 _d65881 |
||